BIBLIOTECA “JULIO CORTÁZAR”
ESCUELA AGROTÉCNICA “LIBERTADOR GENERAL SAN MARTÍN” - UNR – CASILDA

Logo Escuela Logo UNR

Asesinos / (Record no. 2210)

MARC details
000 -LEADER
campo de control de longitud fija 00934nam#a22003015a#4500
001 - NÚMERO DE CONTROL
campo de control 2210
008 - DATOS DE LONGITUD FIJA--INFORMACIÓN GENERAL
campo de control de longitud fija 140319s2013####ag############000#0#und#d
020 ## - NÚMERO INTERNACIONAL ESTÁNDAR DEL LIBRO
Número Internacional Estándar del Libro 9789871556007
080 ## - NÚMERO DE LA CLASIFICACIÓN DECIMAL UNIVERSAL
Número de la Clasificación Decimal Universal 82-34
084 ## - OTRO NÚMERO DE CLASIFICACIÓN
Número de clasificación A 79
040 ## - FUENTE DE CATALOGACIÓN
Centro catalogador/agencia de origen AR-ClEAG
Centro/agencia transcriptor AR-ClEAG
005 - FECHA Y HORA DE LA ÚLTIMA TRANSACCIÓN
campo de control 20241107184737.0
003 - IDENTIFICADOR DE NÚMERO DE CONTROL
campo de control AR-ClEAG
100 1# - ENTRADA PRINCIPAL--NOMBRE DE PERSONA
Nombre de persona Abós, Álvaro,
Término indicativo de función/relación Compilador.
245 10 - MENCIÓN DEL TÍTULO
Título Asesinos /
Mención de responsabilidad, etc. compiolado por Álvaro Abós.
250 ## - MENCION DE EDICION
Mención de edición 1ª ed . 2ª reimp.
260 ## - PUBLICACIÓN, DISTRIBUCIÓN, ETC.
Lugar de publicación, distribución, etc. Buenos Aires :
Nombre del editor, distribuidor, etc. A H,
Fecha de publicación, distribución, etc. 2013.
300 ## - DESCRIPCIÓN FÍSICA
Extensión 626 p. ;
Dimensiones 22 cm.
490 0# - MENCIÓN DE SERIE
Mención de serie El otro lado (clásicos)
505 0# - NOTA DE CONTENIDO CON FORMATO
Mención de responsabilidad Proust, Marcel.
Título Sentimientos finales de un paricidia
505 0# - NOTA DE CONTENIDO CON FORMATO
Mención de responsabilidad Conan Doyle, Arthur.
Título Perdimos el tren expreso
505 0# - NOTA DE CONTENIDO CON FORMATO
Mención de responsabilidad Svevo, Italo.
Título el asesino de la calle Belpoggio
505 0# - NOTA DE CONTENIDO CON FORMATO
Mención de responsabilidad Allan Poe, Edgar.
Título El gato negro
505 0# - NOTA DE CONTENIDO CON FORMATO
Mención de responsabilidad Leróux, Gastón.
Título el hacha de oro
505 0# - NOTA DE CONTENIDO CON FORMATO
Mención de responsabilidad Wilde, Oscar
Título Plumas, lápiz y veneno
653 ## - TÉRMINO DE INDIZACIÓN--NO CONTROLADO
Término no controlado Narrativa
942 ## - ELEMENTOS DE ENTRADA SECUNDARIOS (KOHA)
Tipo de ítem Koha Libros
980 ## - EQUIVALENCIA O REFERENCIA-CRUZADA-MENCIÓN DE SERIE--NOMBRE DE PERSONA/TÍTULO [LOCAL, CANADÁ]
Enlace 2
Nombre de persona Evangelina Gallicchio
Enlace entre campo y número de secuencia 2
Información miscelánea Evangelina Gallicchio
Holdings
Estatus retirado Estado de pérdida Fuente del sistema de clasificación o colocación Estado de daño No para préstamo Biblioteca de origen Biblioteca actual Ubicación en estantería Fecha de adquisición Número de inventario Total de préstamos Signatura topográfica completa Código de barras Visto por última vez Precio de reemplazo Tipo de ítem Koha
    Clasificación decimal universal     Julio Cortázar Julio Cortázar   07/11/2024 4153   R20 82-34 A 79 1 Ej.1 4153 07/11/2024 07/11/2024 Libros

Contacto

Biblioteca Julio Cortázar. Escuela Agrotécnica "Libertador San Martín". Universidad Nacional de Rosario
Dirección: Ov. Lagos 1000 - 2170 Casilda - Santa Fe - Argentina
Tel: (54) (03464) 422226.
Fax: (54) (03464) 427789.
E-Mail: biblio-eac@unr.edu.ar